000 00540nam a2200145 4500
999 _c15869
_d15869
008 201217b ||||| |||| 00| 0 eng d
022 _a0732-8435
082 _aDPer 657.05 C33 Sept - Mar 2015, v. 85 - 86
100 _aLevy, Howard B.
_942692
245 _aPutting the decades-long 'plain paper' debate to rest:
_bwill SSARS 21 be the final resolution?/
_cHoward B. Levy.
260 _aNew York:
_bThe New York State Society of CPA,
_c©2015.
300 _av85 n11, pages 10-13;
_c28 cm.
650 _aAccounting.
_942693
942 _2ddc
_cPER